LDR 00754naa#a2200193#i#450# 001 EN\\bibl\126645 005 20260703123353.5 011 ## _a2587-6740 100 ## _a20260615b2026####ek#y0engy0150####ca 102 ## _aRU 200 1# _aProductivity of hayfield grass mixtures in Non-Chernozem Zones _eJournal article 210 1# _aMoscow _cElectronic science _d2026 215 ## _a3 с. 608 ## _aJournal article _2local 675 ## _aОбщие вопросы сельского хозяйства. 631 _aКормовые травы. Луговые травы. 633.2 _aПрочие кормовые растения. 633.3 _z 700 #1 _aVagunin _gDmitry Aleksandrovich 700 #1 _aIvanova _gNadezhda Nikolaevna 700 #1 _aPavlyuchik _gEkaterina Nikolaevna 856 4# _aqje.su _u